Projektové vyučovanie vo Francúzsku

Vnímanie projektového vyučovania vo Francúzsku. Učenie sa prostredníctvom projektov. Hodnotenie projektov. Výhody projektového vyučovania.

Uložené v:
Podrobná bibliografia
Hlavný autor: Čonková, Andrea, 1982-
Médium: Kapitola
Jazyk:Slovak
Predmet:
Tagy: Pridať tag
Žiadne tagy, Buďte prvý, kto otaguje tento záznam!

MARC

LEADER 00000nla a2200000 4500
001 0237342
005 20240502073831.0
041 0 |a slo 
044 |a SK 
245 1 0 |a Projektové vyučovanie vo Francúzsku  |c Andrea Čonková 
520 |a Vnímanie projektového vyučovania vo Francúzsku. Učenie sa prostredníctvom projektov. Hodnotenie projektov. Výhody projektového vyučovania. 
610 2 0 |a vzdelávanie 
610 2 0 |a vyučovanie 
610 2 0 |a projekty 
610 2 0 |a žiaci 
610 2 0 |a učitelia 
610 2 0 |a Francúzsko 
100 1 |a Čonková, Andrea, 1982-